| 000 | 00635nam a22001937a 4500 | ||
|---|---|---|---|
| 005 | 20250412162105.0 | ||
| 008 | 250412b |||||||| |||| 00| 0 eng d | ||
| 020 | _a9780073218816 | ||
| 050 |
_aGE105 _b.C86 CUN |
||
| 100 | _aCunningham William P. | ||
| 245 |
_aEnvironmental Science: _bA global concern/ _cWilliam P. Cunningham, Mary Ann Cunningham & Barbara Woodworth Saigo |
||
| 250 | _a9th Ed. | ||
| 260 |
_aBoston _bMcGraw-Hill Education _c2007 |
||
| 300 |
_axvi. 620p. _bill. maps. (some col.) _c29 cm |
||
| 650 | _2Geography | ||
| 700 | _aCunningham Mary Ann | ||
| 700 | _aSaigo Barbara Woodworth | ||
| 942 |
_2lcc _cBK _e9th Ed. _n0 |
||
| 999 |
_c5451 _d5451 |
||